000 00482nam a22001817a 4500
005 20220803094001.0
008 220803b ||||| |||| 00| 0 eng d
040 _cAL
041 _aEnglish
082 _223
_a330.95404
_bSREA
100 _aK Sreenivasan
_954508
245 _aAnatomy of Progress
300 _a176 p.
_bPB
_c22x14 cm.
650 _asprit of Innovation
_954509
650 _aThe Burden of Tradition
_954510
700 _aSREENIVASAN (K)
_954511
942 _2ddc
_cGF
999 _c224397
_d224397